| Поле | Название | Значение |
| |
Тип записи |
a |
| |
Библиографический уровень |
m |
| 001 |
Контрольный номер |
RU/IS/BASE/293214589 |
| 005 |
Дата корректировки |
20201206204632.5 |
| 010 |
Индекс ISBN |
__ |
| a |
ISBN |
978-5-93913-170-4 |
| d |
Цена |
426-04 |
| 101 |
Язык документа |
__ |
| a |
Язык текста |
rus |
| c |
Язык оригинала |
rus |
| 200 |
Заглавие и сведения об ответственности |
1_ |
| a |
Заглавие |
Информационное обеспечение ученых и специалистов |
| e |
Сведения, относящиеся к заглавию |
учеб.-метод. пособие |
| f |
Первые сведения об ответственности |
Ю. Н. Дрешер |
| b |
Общее обозначение материала |
Текст |
| 210 |
Выходные данные |
__ |
| a |
Место издания |
СПб. |
| c |
Издательство |
Профессия |
| d |
Дата издания |
2008 |
| 215 |
Физическое описание |
__ |
| a |
Объем |
464 с. |
| 330 |
Аннотация |
__ |
| a |
Аннотация |
Рассматривается деятельность информационных служб, описываются применяемые ими прогрессивные технологии, организационные формы и методы работы. |
| 601 |
Наименование организации как предмет |
__ |
| a |
Наименование организации как предмет |
ГСНТИ |
| 601 |
Наименование организации как предмет |
__ |
| a |
Наименование организации как предмет |
Государственная система научно-технической информации |
| 601 |
Наименование организации как предмет |
__ |
| a |
Наименование организации как предмет |
ВИНИТИ |
| 601 |
Наименование организации как предмет |
__ |
| a |
Наименование организации как предмет |
Всероссийский институт научной и технической информации |
| 601 |
Наименование организации как предмет |
__ |
| a |
Наименование организации как предмет |
ИНИОН |
| 601 |
Наименование организации как предмет |
__ |
| a |
Наименование организации как предмет |
Институт научной информации по общественным наукам |
| 601 |
Наименование организации как предмет |
__ |
| a |
Наименование организации как предмет |
ВНТИЦ |
| 601 |
Наименование организации как предмет |
__ |
| a |
Наименование организации как предмет |
Всероссийский научно-технический информационный центр |
| 601 |
Наименование организации как предмет |
__ |
| a |
Наименование организации как предмет |
РМБИЦ |
| 601 |
Наименование организации как предмет |
__ |
| a |
Наименование организации как предмет |
Республиканский медицинский библиотечно-информационный центр |
| 606 |
Тематические рубрики |
__ |
| a |
Основная рубрика |
Информатика |
| 606 |
Тематические рубрики |
__ |
| a |
Основная рубрика |
Организация информационной деятельности |
| 606 |
Тематические рубрики |
__ |
| a |
Основная рубрика |
Информационное обслуживание |
| 606 |
Тематические рубрики |
__ |
| a |
Основная рубрика |
Библиотечное дело |
| 606 |
Тематические рубрики |
__ |
| a |
Основная рубрика |
Библиографоведение |
| 610 |
Ключевые слова |
__ |
| a |
Ключевые слова |
информационные ресурсы; научно-техническая информация; научная информация; информационное обеспечение; информационная продукция; телемедицина; телемедицинские технологии; информационные ресурсы Интернета; библиотечно-библиографическое обслуживание; электронные библиотеки; информационное обслуживание; информационные центры; информационная медицина; информационная продукция; информационно-библиотечное обслуживание; информационные данные; информационные интернет-ресурсы; информационные рынки; информационные сайты; информационные технологии; дни специалистов; дни информации; мировые информационные ресурсы; информационное самообслуживание |
| 686 |
Индексы других классификаций |
__ |
| a |
Классификационный индекс |
78.64(2Рос)я73 |
| 686 |
Индексы других классификаций |
__ |
| a |
Классификационный индекс |
78.5я73 |
| 700 |
Автор |
_1 |
| a |
Фамилия |
Дрешер |
| b |
Имя |
Ю. Н. |
| 4 |
Код отношения |
070 |
| 801 |
Источник записи |
_0 |
| a |
Страна |
RU |
| b |
Организация |
Муниципальное бюджетное учреждение культуры "Централизованная библиотечная система" г. Сургут (Центральная городская библиотека им. А. С. Пушкина) |
| g |
Правила каталогизации |
КиК/Елгина |
| 801 |
Источник записи |
_1 |
| a |
Страна |
RU |
| b |
Организация |
Муниципальное бюджетное учреждение культуры "Централизованная библиотечная система" г. Сургут (Центральная городская библиотека им. А. С. Пушкина) |
| g |
Правила каталогизации |
КиК/Елгина |
| 852 |
Данные о местонахождении |
__ |
| j |
Шифр хранения |
78.64(2Рос)я73 |
| i |
Авторский знак |
Д 73 |
| 901 |
Тип документа |
__ |
| t |
Тип документа |
m |
| 903 |
Характеристики (МАРС) |
__ |
| a |
Дата передачи |
20090417 |
| 990 |
Данные о заказе (DOS) |
__ |
| j |
Количество экземпляров (DOS) |
2 |
| t |
N записи в КСУ для И/У (DOS) |
200905 |